[Event "Ukrainian Women - 2013"]
[Site "http://ukrchess.org.ua/"]
[Date "2013.06.23"]
[Round "6.3"]
[White "Gritsayeva, Oksana"]
[Black "Andrenko, Irina"]
[Result "1/2-1/2"]
[LiveChessVersion "1.4.2"]
[BlackElo "2253"]
[WhiteElo "2340"]

1. d4 {[%clk 1:30:59]} Nf6 {[%clk 1:30:44]} 2. c4 {[%clk 1:31:23]} g6
{[%clk 1:31:08]} 3. Nc3 {[%clk 1:31:49]} Bg7 {[%clk 1:31:34]} 4. e4
{[%clk 1:32:14]} d6 {[%clk 1:32:00]} 5. Be2 {[%clk 1:32:32]} O-O {[%clk 1:32:21]}
6. f4 {[%clk 1:32:49]} c5 {[%clk 1:30:24]} 7. Nf3 {[%clk 1:33:03]} cxd4
{[%clk 1:26:06]} 8. Nxd4 {[%clk 1:33:28]} Nc6 {[%clk 1:14:25]} 9. Be3
{[%clk 1:33:51]} Bd7 {[%clk 1:13:14]} 10. O-O {[%clk 1:33:10]} Nxd4
{[%clk 1:09:04]} 11. Bxd4 {[%clk 1:33:29]} Bc6 {[%clk 1:09:17]} 12. Qd3
{[%clk 1:32:21]} Nd7 {[%clk 1:02:29]} 13. Bxg7 {[%clk 1:26:30]} Kxg7
{[%clk 1:02:57]} 14. Kh1 {[%clk 1:26:28]} a5 {[%clk 0:56:26]} 15. Bg4
{[%clk 1:21:10]} Nf6 {[%clk 0:41:03]} 16. Bf3 {[%clk 1:19:24]} Qb6
{[%clk 0:40:56]} 17. b3 {[%clk 1:17:47]} Qc5 {[%clk 0:39:59]} 18. Nd5
{[%clk 1:06:39]} Bxd5 {[%clk 0:28:34]} 19. cxd5 {[%clk 1:03:31]} Rfc8
{[%clk 0:27:50]} 20. e5 {[%clk 1:03:11]} Ne8 {[%clk 0:26:25]} 21. Bg4
{[%clk 1:01:53]} Rc7 {[%clk 0:24:09]} 22. Rac1 Qxc1 {[%clk 0:22:47]} 23. Rxc1
{[%clk 0:54:11]} Rxc1+ {[%clk 0:23:15]} 24. Bd1 {[%clk 0:54:34]} Rac8
{[%clk 0:22:58]} 25. h3 {[%clk 0:54:36]} f6 {[%clk 0:19:11]} 26. Kh2
{[%clk 0:54:11]} fxe5 {[%clk 0:18:22]} 27. fxe5 {[%clk 0:54:18]} dxe5
{[%clk 0:16:40]} 28. Bg4 {[%clk 0:54:21]} R8c7 {[%clk 0:14:16]} 29. Qe3
{[%clk 0:52:13]} Nf6 {[%clk 0:14:04]} 30. Qxe5 {[%clk 0:52:31]} R1c5
{[%clk 0:13:11]} 31. Be6 {[%clk 0:52:34]} Rc2 {[%clk 0:09:46]} 32. a3
{[%clk 0:49:10]} b6 {[%clk 0:06:55]} 33. b4 {[%clk 0:46:34]} axb4
{[%clk 0:04:28]} 34. axb4 {[%clk 0:46:58]} R2c3 {[%clk 0:02:25]} 35. Bd7
{[%clk 0:45:54]} Rxd7 {[%clk 0:01:46]} 36. Qxc3 {[%clk 0:46:19]} Kf7
{[%clk 0:01:24]} 37. Qd4 {[%clk 0:42:34]} b5 {[%clk 0:01:07]} 38. g4
{[%clk 0:42:02]} Rxd5 {[%clk 0:01:32]} 39. Qe3 {[%clk 0:42:01]} g5
{[%clk 0:01:28]} 40. Qc3 {[%clk 1:10:58]} Rd8 {[%clk 0:31:07]} 41. Kg2
{[%clk 1:10:01]} Rd5 {[%clk 0:29:07]} 42. Qe3 {[%clk 1:08:04]} h6
{[%clk 0:20:00]} 43. Qe2 {[%clk 1:07:03]} e5 {[%clk 0:19:15]} 44. Qa2
{[%clk 1:03:51]} e4 {[%clk 0:17:45]} 45. Qa6 {[%clk 1:01:55]} Rd2+
{[%clk 0:12:34]} 46. Kf1 {[%clk 1:01:20]} Rd5 {[%clk 0:11:30]} 47. Ke2
{[%clk 1:01:18]} Kg6 {[%clk 0:10:38]} 48. Qe6 {[%clk 1:00:46]} Kg7
{[%clk 0:10:40]} 49. Qe7+ {[%clk 0:56:35]} Kg6 {[%clk 0:11:06]} 50. Qe6
{[%clk 0:53:29]} Kg7 {[%clk 0:11:30]} 51. Qc6 {[%clk 0:53:37]} Kg6
{[%clk 0:10:56]} 52. Qb7 {[%clk 0:52:24]} Re5 {[%clk 0:10:41]} 53. Ke3
{[%clk 0:47:17]} Rd5 {[%clk 0:10:40]} 1/2-1/2

[Event "Ukrainian Women - 2013"]
[Site "http://ukrchess.org.ua/"]
[Date "2013.06.23"]
[Round "6.4"]
[White "Gaponenko, Inna"]
[Black "Dolzhykova, Kateryna"]
[Result "1-0"]
[LiveChessVersion "1.4.2"]
[BlackElo "2301"]
[WhiteElo "2393"]

1. e4 {[%clk 1:30:58]} c5 {[%clk 1:30:51]} 2. Nf3 {[%clk 1:31:20]} d6
{[%clk 1:31:00]} 3. d4 {[%clk 1:31:42]} cxd4 {[%clk 1:31:25]} 4. Nxd4
{[%clk 1:32:08]} Nf6 {[%clk 1:31:46]} 5. Nc3 {[%clk 1:32:33]} Bd7
{[%clk 1:30:58]} 6. Bg5 {[%clk 1:08:02]} e6 {[%clk 1:30:47]} 7. Be2
{[%clk 0:54:34]} a6 {[%clk 1:19:19]} 8. Qd2 {[%clk 0:42:57]} h6 {[%clk 1:07:59]}
9. Be3 {[%clk 0:42:31]} Nc6 {[%clk 1:07:13]} 10. f4 {[%clk 0:38:42]} b5
{[%clk 0:49:28]} 11. a3 {[%clk 0:36:08]} Be7 {[%clk 0:45:53]} 12. O-O
{[%clk 0:30:21]} O-O {[%clk 0:44:16]} 13. Rad1 {[%clk 0:30:39]} Qc7
{[%clk 0:40:36]} 14. Qe1 {[%clk 0:28:38]} Rfe8 {[%clk 0:32:15]} 15. Qg3
{[%clk 0:25:06]} Bf8 {[%clk 0:24:27]} 16. Kh1 {[%clk 0:18:38]} Kh8
{[%clk 0:23:48]} 17. e5 {[%clk 0:10:25]} Nd5 {[%clk 0:18:30]} 18. Nxd5
{[%clk 0:08:05]} exd5 {[%clk 0:18:56]} 19. Nxc6 {[%clk 0:08:02]} Bxc6
{[%clk 0:17:53]} 20. Bd4 {[%clk 0:08:21]} dxe5 {[%clk 0:15:41]} 21. fxe5
{[%clk 0:01:39]} b4 {[%clk 0:12:08]} 22. Bh5 {[%clk 0:01:04]} Re7
{[%clk 0:10:29]} 23. axb4 {[%clk 0:01:07]} Bb5 {[%clk 0:09:23]} 24. Rf2
{[%clk 0:01:03]} Rae8 {[%clk 0:08:24]} 25. e6 {[%clk 0:00:37]} Qxg3
{[%clk 0:06:56]} 26. hxg3 {[%clk 0:01:06]} Rxe6 {[%clk 0:07:00]} 27. Bxf7
{[%clk 0:00:43]} Re1+ {[%clk 0:07:15]} 28. Rxe1 {[%clk 0:01:09]} Rxe1+
{[%clk 0:07:43]} 29. Kh2 {[%clk 0:01:36]} Bxb4 {[%clk 0:06:38]} 30. Bxd5
{[%clk 0:01:08]} Be8 {[%clk 0:01:37]} 31. Bc4 {[%clk 0:00:42]} Bb5
{[%clk 0:01:10]} 32. Bxb5 {[%clk 0:00:43]} axb5 {[%clk 0:01:40]} 33. Rf7
{[%clk 0:01:04]} Re7 {[%clk 0:01:02]} 34. Rxe7 {[%clk 0:00:43]} Bxe7
{[%clk 0:01:28]} 35. Kg1 {[%clk 0:00:49]} Bd6 {[%clk 0:01:32]} 36. g4
{[%clk 0:00:41]} Kg8 {[%clk 0:01:00]} 37. Kf2 {[%clk 0:01:03]} Kf7
{[%clk 0:01:22]} 38. Kf3 {[%clk 0:01:00]} g6 {[%clk 0:01:20]} 39. Ke4
{[%clk 0:00:41]} Ke6 {[%clk 0:01:39]} 40. Bg7 {[%clk 0:30:51]} h5
{[%clk 0:32:00]} 41. gxh5 {[%clk 0:30:47]} gxh5 {[%clk 0:30:28]} 42. c3
{[%clk 0:02:54]} Bg3 {[%clk 0:22:25]} 43. b3 {[%clk 0:02:12]} Kd6
{[%clk 0:19:22]} 44. Bf8+ {[%clk 0:00:35]} Ke6 {[%clk 0:18:54]} 45. Bg7
{[%clk 0:01:01]} Kd6 {[%clk 0:19:15]} 46. Kf5 {[%clk 0:00:37]} Kd5
{[%clk 0:18:03]} 47. Bf6 {[%clk 0:01:03]} Be1 {[%clk 0:17:00]} 48. Kg5
{[%clk 0:01:17]} h4 {[%clk 0:16:36]} 49. Kf4 {[%clk 0:01:24]} Bd2+
{[%clk 0:13:55]} 50. Kf3 {[%clk 0:01:42]} Be1 {[%clk 0:14:22]} 51. Ke3
{[%clk 0:00:53]} Bg3 {[%clk 0:14:11]} 52. Bg7 {[%clk 0:00:31]} Be1
{[%clk 0:13:14]} 53. Ke2 {[%clk 0:00:40]} Bg3 {[%clk 0:13:16]} 54. Kf3
{[%clk 0:00:44]} Be1 {[%clk 0:13:15]} 55. Ke3 {[%clk 0:00:47]} Bg3
{[%clk 0:13:40]} 56. Kd3 {[%clk 0:01:11]} Be1 {[%clk 0:12:15]} 57. c4+
{[%clk 0:01:04]} Kc5 {[%clk 0:11:44]} 58. Bf8+ {[%clk 0:01:18]} Kc6
{[%clk 0:12:12]} 59. Ke4 {[%clk 0:01:11]} bxc4 {[%clk 0:09:53]} 60. bxc4
{[%clk 0:01:40]} Bg3 {[%clk 0:10:15]} 61. Kf5 {[%clk 0:01:01]} Kd7
{[%clk 0:10:32]} 62. Bb4 {[%clk 0:00:53]} Bf2 {[%clk 0:07:38]} 63. Ba3
{[%clk 0:01:01]} Bg3 {[%clk 0:07:40]} 64. Bc5 {[%clk 0:00:46]} Kc6
{[%clk 0:07:32]} 65. Ba3 {[%clk 0:00:34]} Kd7 {[%clk 0:07:35]} 66. Kg4
{[%clk 0:00:33]} Be1 {[%clk 0:07:16]} 67. Bb2 {[%clk 0:00:40]} Kc6
{[%clk 0:06:58]} 68. Bd4 {[%clk 0:00:57]} Bg3 {[%clk 0:04:48]} 69. Kf3
{[%clk 0:01:19]} Be1 {[%clk 0:03:33]} 70. Bf2 {[%clk 0:01:35]} Bxf2
{[%clk 0:03:55]} 71. Kxf2 {[%clk 0:02:01]} Kc5 {[%clk 0:04:23]} 72. Kf3
{[%clk 0:02:07]} h3 {[%clk 0:04:53]} 73. gxh3 {[%clk 0:02:30]} Kxc4
{[%clk 0:05:19]} 74. Ke4 Kc5 75. Ke5 {[%clk 0:03:11]} Kc6 {[%clk 0:06:18]} 76.
Ke6 {[%clk 0:03:34]} Kc7 {[%clk 0:06:47]} 77. h4 {[%clk 0:03:26]} Kd8
{[%clk 0:07:16]} 78. Kf7 {[%clk 0:03:51]} 1-0

[Event "Ukrainian Women - 2013"]
[Site "http://ukrchess.org.ua/"]
[Date "2013.06.23"]
[Round "6.5"]
[White "Kononenko, Tatiana"]
[Black "Kalinina, Olga"]
[Result "0-1"]
[LiveChessVersion "1.4.2"]
[BlackElo "2292"]
[WhiteElo "2369"]

1. d4 {[%clk 1:30:56]} Nf6 {[%clk 1:30:56]} 2. c4 {[%clk 1:31:18]} e6
{[%clk 1:31:14]} 3. Nf3 {[%clk 1:31:25]} b6 {[%clk 1:31:27]} 4. g3
{[%clk 1:28:13]} Ba6 {[%clk 1:31:44]} 5. Nbd2 {[%clk 1:27:43]} Bb7
{[%clk 1:31:58]} 6. Bg2 {[%clk 1:26:43]} c5 {[%clk 1:32:15]} 7. O-O
{[%clk 1:18:51]} cxd4 {[%clk 1:32:07]} 8. Nb3 {[%clk 1:18:23]} Be7
{[%clk 1:30:45]} 9. Nbxd4 {[%clk 1:18:04]} O-O {[%clk 1:26:34]} 10. b3
{[%clk 1:15:23]} d5 {[%clk 1:22:41]} 11. cxd5 {[%clk 1:07:34]} Bxd5
{[%clk 1:22:56]} 12. Bb2 {[%clk 1:07:01]} Nbd7 {[%clk 1:19:50]} 13. Nb5
{[%clk 0:59:52]} a6 {[%clk 1:18:39]} 14. Nc3 {[%clk 0:59:22]} Bb7
{[%clk 1:18:12]} 15. Qd4 {[%clk 0:34:24]} Bc5 {[%clk 1:15:42]} 16. Qh4
{[%clk 0:33:08]} b5 {[%clk 1:12:57]} 17. Rad1 {[%clk 0:29:10]} Qe7
{[%clk 1:07:10]} 18. Ng5 {[%clk 0:18:09]} Bxg2 {[%clk 1:04:15]} 19. Kxg2
{[%clk 0:18:35]} h6 {[%clk 1:03:04]} 20. Nge4 {[%clk 0:18:09]} Ba3
{[%clk 0:58:11]} 21. Ba1 {[%clk 0:18:06]} Rfd8 {[%clk 0:52:04]} 22. Nxf6+
{[%clk 0:15:05]} Nxf6 {[%clk 0:50:30]} 23. Ne4 {[%clk 0:14:37]} Nd5
{[%clk 0:47:12]} 24. Qxe7 {[%clk 0:14:38]} Bxe7 {[%clk 0:45:20]} 25. a4
{[%clk 0:11:33]} Rdc8 {[%clk 0:43:18]} 26. Rd3 {[%clk 0:09:08]} bxa4
{[%clk 0:34:41]} 27. bxa4 {[%clk 0:09:35]} Rc4 {[%clk 0:34:57]} 28. Rd4
{[%clk 0:09:12]} Rc2 {[%clk 0:31:33]} 29. Rd2 {[%clk 0:08:42]} Rac8
{[%clk 0:31:36]} 30. Rfd1 {[%clk 0:04:44]} Bb4 {[%clk 0:23:45]} 31. Rxc2
{[%clk 0:02:05]} Rxc2 {[%clk 0:24:10]} 32. g4 {[%clk 0:01:44]} Rxe2
{[%clk 0:24:16]} 33. Kf3 {[%clk 0:01:28]} Ra2 {[%clk 0:23:51]} 34. Be5
{[%clk 0:01:30]} Ra3+ {[%clk 0:23:04]} 35. Kg2 {[%clk 0:01:44]} Rxa4
{[%clk 0:22:49]} 36. Rc1 {[%clk 0:01:47]} f6 {[%clk 0:18:40]} 37. Rc8+
{[%clk 0:01:45]} Kh7 {[%clk 0:17:23]} 38. Bb8 {[%clk 0:01:11]} e5
{[%clk 0:11:38]} 39. h4 {[%clk 0:01:06]} Nf4+ {[%clk 0:11:58]} 40. Kh2
{[%clk 0:31:17]} Be1 {[%clk 0:38:50]} 41. f3 {[%clk 0:11:52]} Ra2+
{[%clk 0:38:34]} 42. Kh1 {[%clk 0:11:18]} Bxh4 {[%clk 0:38:29]} 43. Bd6
{[%clk 0:09:30]} a5 {[%clk 0:36:52]} 44. Ra8 {[%clk 0:06:06]} Ne6
{[%clk 0:34:52]} 45. Ra7 {[%clk 0:04:09]} Nd4 {[%clk 0:34:50]} 46. Bf8
{[%clk 0:01:50]} Nxf3 {[%clk 0:34:28]} 0-1

[Event "Ukrainian Women - 2013"]
[Site "http://ukrchess.org.ua/"]
[Date "2013.06.24"]
[Round "7.1"]
[White "Muzychuk, Mariya"]
[Black "Zhukova, Natalia"]
[Result "1-0"]
[LiveChessVersion "1.4.2"]
[BlackElo "2471"]
[WhiteElo "2484"]

1. e4 {[%clk 1:30:56]} e6 {[%clk 1:30:46]} 2. d4 {[%clk 1:30:48]} d5
{[%clk 1:31:08]} 3. Nc3 {[%clk 1:31:01]} Bb4 {[%clk 1:31:09]} 4. e5
{[%clk 1:30:45]} Ne7 {[%clk 1:31:12]} 5. a3 {[%clk 1:30:27]} Bxc3+
{[%clk 1:31:34]} 6. bxc3 {[%clk 1:30:52]} b6 {[%clk 1:31:47]} 7. Nf3
{[%clk 1:27:36]} Ba6 {[%clk 1:29:00]} 8. Bxa6 {[%clk 1:25:02]} Nxa6
{[%clk 1:29:27]} 9. Qd3 {[%clk 1:22:27]} Nb8 {[%clk 1:29:05]} 10. c4
{[%clk 1:21:52]} dxc4 {[%clk 1:13:06]} 11. Qxc4 {[%clk 1:22:11]} Nbc6
{[%clk 1:13:03]} 12. Bd2 {[%clk 0:52:20]} Qd7 {[%clk 1:11:10]} 13. O-O
{[%clk 0:49:49]} Rd8 {[%clk 1:10:15]} 14. c3 {[%clk 0:44:02]} Na5
{[%clk 1:08:47]} 15. Qa6 {[%clk 0:41:47]} O-O {[%clk 0:55:27]} 16. Ng5
{[%clk 0:27:55]} Nb3 {[%clk 0:35:43]} 17. Rad1 {[%clk 0:21:05]} b5
{[%clk 0:31:44]} 18. a4 {[%clk 0:19:20]} bxa4 {[%clk 0:30:13]} 19. Qd3
{[%clk 0:18:32]} Ng6 {[%clk 0:29:16]} 20. h4 {[%clk 0:17:56]} h6 {[%clk 0:24:32]}
21. h5 {[%clk 0:17:50]} hxg5 {[%clk 0:21:21]} 22. hxg6 {[%clk 0:18:16]} a3
{[%clk 0:17:29]} 23. Bxg5 {[%clk 0:17:00]} Rb8 {[%clk 0:17:46]} 24. Qa6
{[%clk 0:12:14]} fxg6 {[%clk 0:16:31]} 25. Qxa3 {[%clk 0:12:36]} a5
{[%clk 0:16:03]} 26. Rd3 {[%clk 0:08:33]} c5 {[%clk 0:11:51]} 27. Rfd1
{[%clk 0:08:05]} c4 {[%clk 0:11:04]} 28. Rg3 {[%clk 0:08:20]} Rb7
{[%clk 0:07:31]} 29. Be3 {[%clk 0:07:16]} Qf7 {[%clk 0:04:31]} 30. Qd6
{[%clk 0:07:30]} Rc8 {[%clk 0:03:24]} 31. d5 {[%clk 0:06:33]} Re8
{[%clk 0:01:42]} 32. dxe6 {[%clk 0:03:32]} Rxe6 {[%clk 0:01:43]} 33. Qd8+
{[%clk 0:03:57]} Re8 {[%clk 0:00:51]} 34. Qh4 {[%clk 0:04:20]} Rd7
{[%clk 0:00:36]} 35. Rd6 {[%clk 0:03:28]} Rxe5 {[%clk 0:00:34]} 36. Rdxg6
{[%clk 0:02:49]} Qf5 {[%clk 0:00:52]} 37. Qxc4+ {[%clk 0:02:28]} Red5
{[%clk 0:00:33]} 38. Qxb3 {[%clk 0:02:08]} Qh5 {[%clk 0:00:32]} 39. R6g5
{[%clk 0:01:37]} Qd1+ {[%clk 0:00:31]} 40. Qxd1 {[%clk 0:32:04]} Rxd1+
{[%clk 0:30:56]} 41. Kh2 {[%clk 0:32:33]} 1-0

[Event "Ukrainian Women - 2013"]
[Site "http://ukrchess.org.ua/"]
[Date "2013.06.24"]
[Round "7.2"]
[White "Tansiura, Maria"]
[Black "Gaponenko, Inna"]
[Result "1/2-1/2"]
[LiveChessVersion "1.4.2"]
[BlackElo "2393"]
[WhiteElo "2195"]

1. e4 {[%clk 1:30:58]} c5 {[%clk 1:30:52]} 2. Nf3 {[%clk 1:31:24]} d6
{[%clk 1:31:18]} 3. d4 {[%clk 1:31:51]} cxd4 {[%clk 1:31:45]} 4. Nxd4
{[%clk 1:32:17]} Nf6 {[%clk 1:32:11]} 5. Nc3 {[%clk 1:32:43]} g6 {[%clk 1:32:37]}
6. Be3 {[%clk 1:33:09]} Bg7 {[%clk 1:33:04]} 7. f3 {[%clk 1:33:34]} Nc6
{[%clk 1:33:30]} 8. Qd2 {[%clk 1:34:00]} O-O {[%clk 1:33:53]} 9. O-O-O
{[%clk 1:34:24]} d5 {[%clk 1:27:17]} 10. exd5 {[%clk 1:34:37]} Nxd5
{[%clk 1:26:40]} 11. Nxc6 {[%clk 1:34:59]} bxc6 {[%clk 1:27:07]} 12. Bd4
{[%clk 1:35:22]} Bxd4 {[%clk 0:50:22]} 13. Qxd4 {[%clk 1:35:27]} Qb6
{[%clk 0:50:20]} 14. Bc4 {[%clk 1:35:50]} Qxd4 {[%clk 0:37:03]} 15. Rxd4
{[%clk 1:35:59]} Nb6 {[%clk 0:37:16]} 16. Bb3 {[%clk 1:31:46]} c5
{[%clk 0:33:08]} 17. Re4 {[%clk 1:32:01]} c4 {[%clk 0:27:35]} 18. Ba4
{[%clk 1:26:23]} Be6 {[%clk 0:22:49]} 19. Rd1 {[%clk 1:24:05]} Rfc8
{[%clk 0:16:58]} 20. Re5 {[%clk 1:17:24]} Rc7 {[%clk 0:13:33]} 21. Nb5
{[%clk 1:08:14]} Rcc8 {[%clk 0:12:51]} 22. Nc3 {[%clk 1:08:36]} Rc7
{[%clk 0:12:29]} 23. Rd4 {[%clk 0:46:33]} Kg7 {[%clk 0:08:45]} 24. h4
{[%clk 0:44:29]} h5 {[%clk 0:08:11]} 25. Kd2 {[%clk 0:43:31]} Kf6
{[%clk 0:05:25]} 26. Ra5 {[%clk 0:43:12]} Kg7 {[%clk 0:05:50]} 27. Re5
{[%clk 0:38:54]} Kf6 {[%clk 0:06:16]} 28. Ra5 {[%clk 0:32:01]} Kg7
{[%clk 0:06:42]} 29. Re5 {[%clk 0:25:05]} 1/2-1/2

[Event "Ukrainian Women - 2013"]
[Site "http://ukrchess.org.ua/"]
[Date "2013.06.24"]
[Round "7.3"]
[White "Kalinina, Olga"]
[Black "Gritsayeva, Oksana"]
[Result "1/2-1/2"]
[LiveChessVersion "1.4.2"]
[BlackElo "2340"]
[WhiteElo "2292"]

1. e4 {[%clk 1:30:58]} c6 {[%clk 1:30:54]} 2. Nf3 {[%clk 1:31:05]} d5
{[%clk 1:31:17]} 3. Nc3 {[%clk 1:31:33]} Bg4 {[%clk 1:31:41]} 4. h3
{[%clk 1:31:48]} Bxf3 {[%clk 1:30:59]} 5. Qxf3 {[%clk 1:32:15]} e6
{[%clk 1:31:23]} 6. d3 {[%clk 1:32:24]} Nd7 {[%clk 1:31:48]} 7. Bd2
{[%clk 1:32:44]} g6 {[%clk 1:30:51]} 8. O-O-O {[%clk 1:31:57]} Bg7
{[%clk 1:31:09]} 9. g4 {[%clk 1:30:15]} Qb6 {[%clk 1:28:56]} 10. Qg3
{[%clk 1:23:46]} Ngf6 {[%clk 1:26:28]} 11. e5 {[%clk 1:14:22]} Ng8
{[%clk 1:25:32]} 12. f4 {[%clk 1:13:35]} Ne7 {[%clk 1:22:42]} 13. Be3
{[%clk 1:06:41]} Qa5 {[%clk 1:11:43]} 14. d4 {[%clk 0:59:36]} O-O-O
{[%clk 1:09:26]} 15. Bd2 {[%clk 0:51:29]} Kb8 {[%clk 1:03:19]} 16. Kb1
{[%clk 0:50:05]} Qc7 {[%clk 0:59:26]} 17. Na4 {[%clk 0:48:55]} Bf8
{[%clk 0:52:21]} 18. Qb3 {[%clk 0:44:40]} Ka8 {[%clk 0:46:10]} 19. Nc5
{[%clk 0:38:28]} Nxc5 {[%clk 0:40:37]} 20. dxc5 {[%clk 0:38:54]} Nc8
{[%clk 0:38:42]} 21. Qa3 {[%clk 0:37:41]} g5 {[%clk 0:34:53]} 22. Ba5
{[%clk 0:24:52]} b6 {[%clk 0:34:53]} 23. cxb6 {[%clk 0:24:57]} Nxb6
{[%clk 0:34:36]} 24. Qf3 {[%clk 0:23:27]} gxf4 {[%clk 0:33:55]} 25. Qxf4
{[%clk 0:23:45]} Bg7 {[%clk 0:33:32]} 26. Re1 {[%clk 0:22:13]} Rb8
{[%clk 0:29:11]} 27. Qe3 {[%clk 0:20:37]} Qb7 {[%clk 0:28:16]} 28. b3
{[%clk 0:19:54]} Nd7 {[%clk 0:24:49]} 29. Bc3 {[%clk 0:19:54]} Qb6
{[%clk 0:19:49]} 30. Qf4 {[%clk 0:18:29]} Rhf8 {[%clk 0:18:00]} 31. g5
{[%clk 0:18:53]} Qc7 {[%clk 0:17:48]} 32. Qe3 {[%clk 0:17:55]} Rh8
{[%clk 0:16:26]} 33. Bg2 {[%clk 0:17:54]} h6 {[%clk 0:16:23]} 34. Rhf1
{[%clk 0:17:45]} Rbf8 {[%clk 0:15:29]} 35. h4 {[%clk 0:14:38]} hxg5
{[%clk 0:15:22]} 36. hxg5 {[%clk 0:15:07]} Rh4 {[%clk 0:14:40]} 37. Qg3
{[%clk 0:15:08]} Rhh8 {[%clk 0:14:56]} 38. Qf4 {[%clk 0:15:09]} Kb8
{[%clk 0:12:35]} 39. Bb2 {[%clk 0:14:59]} Rh5 {[%clk 0:09:55]} 40. Qg4
{[%clk 0:42:17]} Rhh8 {[%clk 0:38:31]} 41. Qf4 {[%clk 0:42:13]} Rhg8
{[%clk 0:37:35]} 42. Qb4+ {[%clk 0:40:06]} Nb6 {[%clk 0:33:50]} 43. Bd4
{[%clk 0:39:10]} Rc8 {[%clk 0:32:17]} 44. Bb2 {[%clk 0:36:32]} Bf8
{[%clk 0:31:36]} 45. Qf4 {[%clk 0:36:36]} Rg7 {[%clk 0:24:24]} 46. Bh3
{[%clk 0:35:56]} Bc5 {[%clk 0:22:52]} 47. g6 {[%clk 0:31:56]} Rxg6
{[%clk 0:22:59]} 48. Qxf7 {[%clk 0:32:04]} Qxf7 {[%clk 0:23:12]} 49. Rxf7
{[%clk 0:32:32]} Rh8 {[%clk 0:23:27]} 50. Rf3 {[%clk 0:30:17]} Rf8
{[%clk 0:21:46]} 51. Rxf8+ {[%clk 0:23:39]} Bxf8 {[%clk 0:22:15]} 52. Rf1
{[%clk 0:23:52]} Nd7 {[%clk 0:21:41]} 53. a4 {[%clk 0:22:40]} Bg7
{[%clk 0:21:11]} 54. Rf7 {[%clk 0:22:12]} Kc8 {[%clk 0:19:43]} 55. Bxe6
{[%clk 0:21:14]} Rxe6 {[%clk 0:20:09]} 56. Rxg7 {[%clk 0:21:42]} c5
{[%clk 0:20:13]} 57. Rg5 {[%clk 0:19:25]} Kc7 {[%clk 0:20:17]} 58. Bc1
{[%clk 0:19:19]} Kc6 {[%clk 0:20:25]} 59. Bf4 {[%clk 0:19:30]} d4
{[%clk 0:20:18]} 60. Kb2 {[%clk 0:13:59]} a6 {[%clk 0:20:06]} 61. c4
{[%clk 0:11:42]} dxc3+ {[%clk 0:20:23]} 62. Kxc3 {[%clk 0:12:10]} Kd5
{[%clk 0:20:19]} 63. b4 {[%clk 0:11:27]} cxb4+ {[%clk 0:20:35]} 64. Kxb4
{[%clk 0:11:54]} Ke4 {[%clk 0:20:40]} 65. Bg3 {[%clk 0:11:31]} Nxe5
{[%clk 0:19:55]} 66. Bxe5 {[%clk 0:08:56]} Rxe5 {[%clk 0:20:21]} 67. Rg6
{[%clk 0:09:23]} a5+ {[%clk 0:20:19]} 68. Kc4 {[%clk 0:09:51]} Rh5
{[%clk 0:20:00]} 69. Rb6 {[%clk 0:09:26]} Re5 {[%clk 0:20:03]} 70. Rb5
{[%clk 0:09:02]} Kf5 {[%clk 0:20:24]} 71. Rb6 {[%clk 0:09:06]} Kf4
{[%clk 0:18:31]} 72. Rf6+ {[%clk 0:08:48]} Ke4 {[%clk 0:17:46]} 73. Rf1
{[%clk 0:08:48]} Ke3 {[%clk 0:17:32]} 74. Rb1 {[%clk 0:08:05]} Ke4
{[%clk 0:17:33]} 75. Rb5 {[%clk 0:08:13]} Kf4 {[%clk 0:17:14]} 76. Rb1
{[%clk 0:06:20]} Ke3 {[%clk 0:17:05]} 77. Rh1 {[%clk 0:05:15]} Ke4
{[%clk 0:17:06]} 78. Rh3 {[%clk 0:05:21]} Kf5 {[%clk 0:16:57]} 79. Rh5+
{[%clk 0:05:28]} 1/2-1/2

[Event "Ukrainian Women - 2013"]
[Site "http://ukrchess.org.ua/"]
[Date "2013.06.24"]
[Round "7.4"]
[White "Dolzhykova, Kateryna"]
[Black "Kononenko, Tatiana"]
[Result "0-1"]
[LiveChessVersion "1.4.2"]
[BlackElo "2369"]
[WhiteElo "2301"]

1. e4 {[%clk 1:30:49]} e6 {[%clk 1:30:52]} 2. d4 {[%clk 1:31:04]} d5
{[%clk 1:31:17]} 3. Nd2 {[%clk 1:31:15]} c5 {[%clk 1:31:31]} 4. Ngf3
{[%clk 1:31:13]} Nf6 {[%clk 1:31:11]} 5. exd5 {[%clk 1:30:36]} exd5
{[%clk 1:31:36]} 6. Bb5+ {[%clk 1:30:59]} Bd7 {[%clk 1:31:52]} 7. Bxd7+
{[%clk 1:31:03]} Nbxd7 {[%clk 1:32:16]} 8. O-O {[%clk 1:28:15]} Be7
{[%clk 1:32:11]} 9. dxc5 {[%clk 1:24:54]} Nxc5 {[%clk 1:32:02]} 10. Nd4
{[%clk 1:21:38]} Qd7 {[%clk 1:29:03]} 11. N2f3 {[%clk 1:16:44]} O-O
{[%clk 1:20:25]} 12. Ne5 {[%clk 1:13:34]} Qc8 {[%clk 1:12:45]} 13. Qf3
{[%clk 1:05:34]} Nce4 {[%clk 0:56:40]} 14. Nf5 {[%clk 0:55:10]} Re8
{[%clk 0:56:15]} 15. c3 {[%clk 0:44:51]} Bc5 {[%clk 0:42:57]} 16. Nd3
{[%clk 0:40:01]} Bb6 {[%clk 0:39:07]} 17. Rd1 {[%clk 0:28:07]} a5
{[%clk 0:29:24]} 18. Be3 {[%clk 0:27:33]} Bxe3 {[%clk 0:22:25]} 19. Nxe3
{[%clk 0:25:57]} Qc6 {[%clk 0:20:53]} 20. Nf4 {[%clk 0:22:03]} Re5
{[%clk 0:19:53]} 21. Rd4 {[%clk 0:17:44]} Rae8 {[%clk 0:19:23]} 22. Nfxd5
{[%clk 0:06:11]} Nxd5 {[%clk 0:18:24]} 23. Nxd5 {[%clk 0:06:32]} Nxc3
{[%clk 0:17:36]} 24. Nf6+ {[%clk 0:01:58]} gxf6 {[%clk 0:17:02]} 25. Rg4+
{[%clk 0:00:54]} Kf8 {[%clk 0:14:17]} 26. h3 {[%clk 0:00:54]} Qxf3
{[%clk 0:12:30]} 27. gxf3 {[%clk 0:01:20]} Re1+ {[%clk 0:10:04]} 28. Rxe1
{[%clk 0:01:49]} Rxe1+ {[%clk 0:10:26]} 29. Kg2 {[%clk 0:02:15]} Nxa2
{[%clk 0:10:24]} 30. Ra4 {[%clk 0:02:38]} Nb4 {[%clk 0:10:27]} 31. Rxa5
{[%clk 0:03:08]} Re5 {[%clk 0:10:01]} 32. Ra8+ {[%clk 0:03:03]} Kg7
{[%clk 0:09:53]} 33. Rd8 {[%clk 0:02:09]} Rb5 {[%clk 0:09:27]} 34. Rd2
{[%clk 0:02:28]} Nc6 {[%clk 0:09:16]} 35. f4 {[%clk 0:02:48]} Rb3
{[%clk 0:08:46]} 36. f3 {[%clk 0:03:04]} Nb4 {[%clk 0:08:21]} 37. f5
{[%clk 0:03:17]} Nd3 {[%clk 0:08:33]} 38. Kg3 {[%clk 0:03:46]} Nxb2
{[%clk 0:08:23]} 39. Kg4 {[%clk 0:03:41]} Nc4 {[%clk 0:08:24]} 40. Rd8
{[%clk 0:33:28]} Ne5+ {[%clk 0:38:25]} 41. Kh4 {[%clk 0:33:07]} Nxf3+
{[%clk 0:38:28]} 42. Kh5 {[%clk 0:33:33]} Rb4 {[%clk 0:37:54]} 0-1